AMPR '99

Bibliographic Details
Main Author: Sulík, Vladimír (Author)
Format: Article
Language:Slovak
ISSN:1335-0676
Subjects:

MARC

LEADER 00000nab a2200000 a 4500
001 vtls000700610
003 SK-MaSNL
005 20260304115116.0
008 250429c1999 xo 0 slo
015 |a SNBRB1999/09-21524 
035 |a CLN000052777 
035 |a urn:nbn:sk:snk-ab2dgn 
035 |a (urnnbn)urn:nbn:sk:snk:ar-a027ev 
035 |a (uuid)05b2ed05-e456-457d-ad99-d3674f750c25 
040 |a SNKBUCL  |b slo  |c SNKBUCL  |e AACR2 
041 0 |a slo 
044 |a xo  |c SK 
080 |a 621.3:339.174  |2 1997 
100 1 |a Sulík, Vladimír  |4 aut  |9 1421094 
245 1 0 |a AMPR '99  |c Vladimír Sulík 
611 1 7 |a AMPR  |n 7.  |d 1999  |c Praha, Česko  |2 snkbucl  |9 1421095 
650 0 7 |a elektrotechnika  |x veľtrhy  |x 1999  |2 snkbucl  |9 1421096 
655 7 |a články z novín a časopisov  |2 snkbucl  |9 267496 
773 0 |t Ekt  |g Roč. 52, č. 1/2 (1999), s. 56-58  |x 1335-0676 
850 |a Slovenská národná knižnica 
852 |a Slovenská národná knižnica 
954 |a odborná, vedecká literatúra pôvodná (slovenská)  |2 lita 
958 |a article27 
958 |a OND 
958 |a EUIPO 
992 |a RBX 
999 |c 2874921  |d 2876851